[Event "GER-ch Net Amateur Gr-A Vor3"]
[Site "Playchess.com INT"]
[Date "2020.04.16"]
[Round "3"]
[White "Wehner, Roland"]
[Black "Tschernatsch, Johannes"]
[Result "1/2-1/2"]
[WhiteElo "1975"]
[BlackElo "1836"]
[PlyCount "92"]
[EventDate "2020.04.16"]
[EventType "swiss (blitz)"]
[EventRounds "9"]
[EventCountry "GER"]
[SourceTitle "CBM 195 Extra"]
[Source "ChessBase"]
[SourceDate "2020.05.31"]
[SourceVersion "1"]
[SourceVersionDate "2020.05.31"]
[SourceQuality "1"]

1. e4 c5 2. c3 d5 3. exd5 Qxd5 4. d4 Nf6 5. Nf3 Nc6 6. dxc5 Qxd1+ 7. Kxd1 a5 8. Bb5 e6 9. Nd4 Bd7 10. Bxc6 bxc6 11. b4 Nd5 12. Bd2 Be7 13. a3 axb4 14. c4 Nc3+ 15. Nxc3 bxc3 16. Bxc3 Bxc5 17. Ke2 Ke7 18. Nb3 Bd6 19. Rhd1 Rhb8 20. c5 Bxh2 21. Nd4 Bf4 22. g3 Bg5 23. Kf3 Bf6 24. Kg2 Ra4 25. Rd2 Rba8 26. Bb4 Rxb4 27. Nf5+ exf5 28. Re1+ Be6 29. axb4 Bc3 30. Red1 Bxd2 31. Rxd2 Rb8 32. Rd4 Bd5+ 33. Kf1 Ke6 34. f4 f6 35. Kf2 g5 36. Ke3 h5 37. Kf2 g4 38. Ke3 Ra8 39. Rd1 Ra3+ 40. Kd4 Rb3 41. Re1+ Kd7 42. Ra1 Rxb4+ 43. Kd3 Rb3+ 44. Kd4 Rxg3 45. Ra7+ Ke6 46. Re7+ Kxe7 1/2-1/2

[Event "GER-ch Net Amateur Gr-A Vor2"]
[Site "Playchess.com INT"]
[Date "2020.04.15"]
[Round "1"]
[White "Wehner, Roland"]
[Black "Ermitsch, Magnus"]
[Result "0-1"]
[WhiteElo "2063"]
[BlackElo "1814"]
[PlyCount "90"]
[EventDate "2020.04.15"]
[EventType "swiss (blitz)"]
[EventRounds "9"]
[EventCountry "GER"]
[SourceTitle "CBM 196 Extra"]
[Source "ChessBase"]
[SourceDate "2020.07.31"]
[SourceVersion "1"]
[SourceVersionDate "2020.07.31"]
[SourceQuality "1"]

1. e4 c5 2. c3 Nf6 3. e5 Nd5 4. d4 cxd4 5. Nf3 e6 6. cxd4 b6 7. Nc3 Nxc3 8. bxc3 Qc7 9. Be2 Qxc3+ 10. Bd2 Qc7 11. Rc1 Nc6 12. 0-0 Bb7 13. Ng5 d6 14. Bb5 Qd7 15. Qf3 Rc8 16. Nxf7 Qxf7 17. Rxc6 Bxc6 18. Bxc6+ Rxc6 19. Qxc6+ Qd7 20. Qa8+ Qd8 21. Qxa7 dxe5 22. Rc1 Be7 23. Qb7 0-0 24. g3 exd4 25. Qc6 Qd6 26. h4 e5 27. Qxd6 Bxd6 28. Rc6 Bc5 29. Re6 d3 30. Rxe5 Rxf2 31. Rxc5 Rxd2 32. Rd5 Kf7 33. a4 Ke6 34. Rd8 Ke5 35. Kf1 Ke4 36. Re8+ Kd4 37. Rd8+ Kc3 38. Rc8+ Kb2 39. Rb8 Rc2 40. Rxb6+ Kc1 41. a5 d2 42. Rd6 d1Q+ 43. Rxd1+ Kxd1 44. a6 Ra2 45. a7 Rxa7 0-1

[Event "GER-ch Net Amateur Gr-A Vor2"]
[Site "Playchess.com INT"]
[Date "2020.04.15"]
[Round "9"]
[White "Wehner, Roland"]
[Black "Krieger, Markus"]
[Result "1-0"]
[WhiteElo "1989"]
[BlackElo "1833"]
[PlyCount "107"]
[EventDate "2020.04.15"]
[EventType "swiss (blitz)"]
[EventRounds "9"]
[EventCountry "GER"]
[SourceTitle "CBM 196 Extra"]
[Source "ChessBase"]
[SourceDate "2020.07.31"]
[SourceVersion "1"]
[SourceVersionDate "2020.07.31"]
[SourceQuality "1"]

1. Nf3 d5 2. e3 Nf6 3. c4 c6 4. b3 Bf5 5. Bb2 e6 6. Be2 Be7 7. Nh4 Bg6 8. 0-0 Nbd7 9. Nc3 Qc7 10. h3 a6 11. d4 Ne4 12. Nxg6 Nxc3 13. Bxc3 hxg6 14. Rc1 Nf6 15. Bf3 g5 16. Re1 Rh4 17. Qd3 0-0-0 18. e4 dxe4 19. Bxe4 g4 20. Qg3 Nxe4 21. Rxe4 g5 22. Qxc7+ Kxc7 23. Rxg4 Rxg4 24. hxg4 Bf6 25. Rd1 c5 26. Ba5+ b6 27. Bd2 cxd4 28. Kf1 Kc6 29. Ke2 a5 30. Kd3 Kc5 31. Rh1 Rh8 32. Rxh8 Bxh8 33. Bxg5 f5 34. Be7+ Kc6 35. g5 e5 36. f3 Bg7 37. g6 Kd7 38. Bg5 Ke6 39. Bd8 f4 40. Bxb6 Kf5 41. Bxa5 Kxg6 42. Ke4 Kf6 43. Bc7 Ke6 44. a4 Kd7 45. Bb6 Kc6 46. a5 Bf6 47. b4 Be7 48. b5+ Kb7 49. c5 Bf6 50. c6+ Kc8 51. a6 Kb8 52. a7+ Ka8 53. c7 Kb7 54. a8Q+ 1-0

[Event "GER-ch Net Amateur Gr-A Vor1"]
[Site "Playchess.com INT"]
[Date "2020.04.14"]
[Round "6"]
[White "Schmaelzle, Claudia"]
[Black "Wehner, Roland"]
[Result "0-1"]
[WhiteElo "1891"]
[BlackElo "2044"]
[PlyCount "128"]
[EventDate "2020.04.14"]
[EventType "swiss (blitz)"]
[EventRounds "9"]
[EventCountry "GER"]
[SourceTitle "EXT 2021"]
[Source "ChessBase"]
[SourceDate "2020.10.23"]
[SourceVersion "1"]
[SourceVersionDate "2020.10.23"]
[SourceQuality "1"]

1. e4 e6 2. d4 d5 3. exd5 exd5 4. Bd3 Bd6 5. Ne2 Qh4 6. Ng3 Nf6 7. Nf5 Bxf5 8. Bxf5 Ne4 9. Bxe4 dxe4 10. Qe2 0-0 11. Nc3 Nc6 12. Be3 f5 13. 0-0-0 f4 14. g3 Qh6 15. gxf4 Bxf4 16. Bxf4 Qxf4+ 17. Qe3 Rae8 18. Rdf1 Nxd4 19. Kb1 Qxe3 20. fxe3 Nf3 21. Rf2 c6 22. a3 Rf7 23. Ka2 Ng5 24. Rg2 h6 25. Rhg1 Nf3 26. Rf1 Kh7 27. Rgf2 Rf6 28. Nxe4 Rxe4 29. Rxf3 Rxf3 30. Rxf3 Kg6 31. Kb3 Rh4 32. h3 Re4 33. Kc3 Re7 34. Kd4 Kg5 35. Rf4 Rd7+ 36. Ke5 Re7+ 37. Kd4 c5+ 38. Kxc5 Rxe3 39. Rg4+ Kf5 40. Rxg7 b6+ 41. Kb4 Rxh3 42. c4 Rh2 43. b3 a5+ 44. Kb5 Rh3 45. Ka4 h5 46. Rb7 h4 47. Rxb6 Rg3 48. Rb5+ Kg6 49. Rxa5 h3 50. Ra8 Rg5 51. Rg8+ Kf5 52. Rh8 Kg4 53. b4 Rh5 54. Rg8+ Rg5 55. Rd8 h2 56. Rd1 Kh3 57. Rh1 Rg1 58. Rxh2+ Kxh2 59. c5 Kg3 60. b5 Kf4 61. b6 Ke5 62. Kb5 Kd5 63. b7 Rb1+ 64. Ka6 Kc6 0-1

[Event "GER-ch Net Amateur Gr-A Vor1"]
[Site "Playchess.com INT"]
[Date "2020.04.14"]
[Round "8"]
[White "Wiechert, Hans"]
[Black "Wehner, Roland"]
[Result "0-1"]
[WhiteElo "1916"]
[BlackElo "2036"]
[PlyCount "48"]
[EventDate "2020.04.14"]
[EventType "swiss (blitz)"]
[EventRounds "9"]
[EventCountry "GER"]
[SourceTitle "EXT 2021"]
[Source "ChessBase"]
[SourceDate "2020.10.23"]
[SourceVersion "1"]
[SourceVersionDate "2020.10.23"]
[SourceQuality "1"]

1. d4 d6 2. c4 e5 3. Nc3 exd4 4. Qxd4 Nc6 5. Qd2 g6 6. b3 Bg7 7. b4 Nxb4 8. Bb2 Nf6 9. Nd5 Nbxd5 10. cxd5 0-0 11. g3 c6 12. dxc6 bxc6 13. Bg2 d5 14. Nh3 Bxh3 15. Bxh3 Ne4 16. Qc2 Qa5+ 17. Kf1 Qb6 18. e3 Qxb2 19. Qxb2 Bxb2 20. Rb1 Nd2+ 21. Ke2 Nxb1 22. Rxb1 Rab8 23. Bd7 Be5 24. Bxc6 Rxb1 0-1

[Event "GER-ch Net blitz qual4"]
[Site "Playchess.com INT"]
[Date "2020.03.23"]
[Round "8"]
[White "Wehner, Roland"]
[Black "Schulz, Karsten"]
[Result "0-1"]
[WhiteElo "2251"]
[BlackElo "2301"]
[PlyCount "46"]
[EventDate "2020.03.23"]
[EventType "swiss (blitz)"]
[EventRounds "9"]
[EventCountry "GER"]
[SourceTitle "CBM 195 Extra"]
[Source "ChessBase"]
[SourceDate "2020.05.31"]
[SourceVersion "1"]
[SourceVersionDate "2020.05.31"]
[SourceQuality "1"]

1. e4 g6 2. d4 Bg7 3. Nc3 d6 4. Nf3 a6 5. a4 b6 6. Bc4 e6 7. Qe2 Ne7 8. h4 h6 9. Bf4 Nd7 10. 0-0-0 Bb7 11. Kb1 Nf6 12. Bc1 Qd7 13. e5 Nfd5 14. Nxd5 Nxd5 15. Bb3 b5 16. axb5 axb5 17. Rhg1 Qc6 18. exd6 cxd6 19. h5 g5 20. Bxg5 Qa6 21. c3 hxg5 22. Nxg5 b4 23. Rge1 bxc3 0-1

[Event "Oberliga Baden 1920"]
[Site "Baden"]
[Date "2019.11.17"]
[Round "3.6"]
[White "Wehner, Roland"]
[Black "Lutz, Andreas"]
[Result "1-0"]
[WhiteElo "2255"]
[BlackElo "2056"]
[PlyCount "31"]
[EventDate "2019.09.29"]
[EventType "team-tourn"]
[EventRounds "9"]
[EventCountry "GER"]
[SourceTitle "CBM 195 Extra"]
[Source "ChessBase"]
[SourceDate "2020.05.31"]
[SourceVersion "1"]
[SourceVersionDate "2020.05.31"]
[SourceQuality "1"]
[WhiteTeam "Ettlingen"]
[BlackTeam "Dreilaendereck"]
[WhiteTeamCountry "GER"]
[BlackTeamCountry "GER"]

1. e4 c5 2. c3 d5 3. exd5 Qxd5 4. d4 cxd4 5. cxd4 Nc6 6. Nf3 Bg4 7. Nc3 Qa5 8. d5 0-0-0 9. Bd2 Nb4 10. Rc1 Kb8 11. Bc4 e5 12. a3 Na6 13. Na4 Nb4 14. axb4 Bxb4 15. Qb3 Bxd2+ 16. Nxd2 1-0

[Event "Verbandsliga Nordbaden 1819"]
[Site "Baden"]
[Date "2019.05.05"]
[Round "9.4"]
[White "Stemmler, Tim"]
[Black "Wehner, Roland"]
[Result "1/2-1/2"]
[WhiteElo "2038"]
[BlackElo "2255"]
[PlyCount "46"]
[EventDate "2018.10.14"]
[EventType "team-tourn"]
[EventRounds "9"]
[EventCountry "GER"]
[SourceTitle "EXT 2020"]
[Source "ChessBase"]
[SourceDate "2019.10.17"]
[SourceVersion "1"]
[SourceVersionDate "2019.10.17"]
[SourceQuality "1"]
[WhiteTeam "Ladenburg"]
[BlackTeam "Ettlingen"]
[WhiteTeamCountry "GER"]
[BlackTeamCountry "GER"]

1. d4 d6 2. Nf3 f5 3. Nc3 Nf6 4. Bg5 Nbd7 5. e3 e6 6. Bd3 Be7 7. Bxf6 Nxf6 8. e4 fxe4 9. Nxe4 Nxe4 10. Bxe4 Bf6 11. Qe2 c5 12. 0-0-0 cxd4 13. Nxd4 0-0 14. c3 Qa5 15. Kb1 Bd7 16. Bc2 Rae8 17. Qd3 g6 18. Nb3 Qb6 19. h4 d5 20. h5 Bb5 21. Qg3 g5 22. Nd4 Bc4 23. Rhe1 h6 1/2-1/2

[Event "Verbandsliga Nordbaden 1819"]
[Site "Baden"]
[Date "2019.03.31"]
[Round "8.4"]
[White "Wehner, Roland"]
[Black "Hess, Markus"]
[Result "1-0"]
[WhiteElo "2255"]
[BlackElo "2138"]
[PlyCount "47"]
[EventDate "2018.10.14"]
[EventType "team-tourn"]
[EventRounds "9"]
[EventCountry "GER"]
[SourceTitle "EXT 2020"]
[Source "ChessBase"]
[SourceDate "2019.10.17"]
[SourceVersion "1"]
[SourceVersionDate "2019.10.17"]
[SourceQuality "1"]
[WhiteTeam "Ettlingen"]
[BlackTeam "Walldorf II"]
[WhiteTeamCountry "GER"]
[BlackTeamCountry "GER"]

1. d4 Nf6 2. Nc3 d5 3. Bg5 c6 4. Qd3 e6 5. e4 dxe4 6. Nxe4 Be7 7. Nxf6+ Bxf6 8. Bxf6 Qxf6 9. Nf3 0-0 10. 0-0-0 Nd7 11. Qe3 Rd8 12. Bd3 Nf8 13. Ne5 Bd7 14. h4 Be8 15. h5 Rac8 16. Ng4 Qe7 17. h6 Rd5 18. hxg7 Ng6 19. Bxg6 fxg6 20. Rxh7 Qg5 21. Qxg5 Rxg5 22. Nh6+ Kxh7 23. g8Q+ Kxh6 24. Qh8# 1-0

[Event "Verbandsliga Nordbaden 1819"]
[Site "Baden"]
[Date "2018.12.02"]
[Round "3.5"]
[White "Welz, Thomas"]
[Black "Wehner, Roland"]
[Result "0-1"]
[WhiteElo "2170"]
[BlackElo "2255"]
[PlyCount "46"]
[EventDate "2018.10.14"]
[EventType "team-tourn"]
[EventRounds "9"]
[EventCountry "GER"]
[SourceTitle "EXT 2020"]
[Source "ChessBase"]
[SourceDate "2019.10.17"]
[SourceVersion "1"]
[SourceVersionDate "2019.10.17"]
[SourceQuality "1"]
[WhiteTeam "Eppingen II"]
[BlackTeam "Ettlingen"]
[WhiteTeamCountry "GER"]
[BlackTeamCountry "GER"]

1. d4 d6 2. Nf3 g6 3. e4 Bg7 4. Nc3 Nf6 5. h3 c6 6. Be3 0-0 7. Qd2 b5 8. a3 Re8 9. Be2 Qc7 10. 0-0 Nbd7 11. Rfe1 Bb7 12. Bh6 e5 13. Bxg7 Kxg7 14. Rad1 a6 15. dxe5 dxe5 16. Nh4 h6 17. Qe3 Rad8 18. g4 Nh7 19. Ng2 Ndf8 20. Rxd8 Rxd8 21. f4 exf4 22. Nxf4 Ng5 23. Bd3 Qxf4 0-1